[Event "ICS Rated blitz match"]
[Site "207.99.83.227"]
[Date "1999.05.04"]
[Round "?"]
[White "Hossa"]
[Black "JudgeTurpin"]
[Result "0-1"]
[WhiteElo "2470"]
[BlackElo "2629"]
[Annotator "Crafty v16.6"]
[PlyCount "141"]

{annotating for player ossa using a scoring margin of +0.20 pawns. search time
limit is 20.00} 1. e4 1... e5 2. f4 exf4 3. Nf3 d5 4. exd5 Nf6 5. c4 c6 6. dxc6
Nxc6 7. d4 Bb4+ 8. Nc3 Ne4 9. Bd2 Bxc3 10. bxc3 O-O 11. Be2 Qe7 12. O-O Bf5 13.
Ne1 ({8:-0.30} 13. Ne1 13... Nxc3 14. Bxc3 Qe3+ 15. Kh1 Qxc3 16. Rxf4 Ne7 17.
Kg1 $10) ({8:-0.01} 13. Rc1 13... Rae8 14. Bxf4 Nxc3 15. Rxc3 Qxe2 16. Qxe2
Rxe2 17. d5 $10) 13... Nxc3 14. Bxc3 Qe3+ 15. Kh1 Qxc3 16. Rxf4 Bg6 17. d5 Na5
18. Nf3 b6 19. Qd4 Qxd4 20. Nxd4 ({10:+0.20} 20. Nxd4 20... Rfe8 21. Bf1 Rac8
22. Nb5 Re7 23. Nd6 Rd8 24. Nf5 24... Re5 $10) ({10:+0.41} 20. Rxd4 20... Rfe8
21. Re1 Bb1 22. a3 Bc2 23. Bf1 Nb3 24. Rxe8+ Rxe8 25. Rf4 25... Kf8 $14) 20...
Rae8 21. Rd1 Nb7 22. Bg4 Nd6 23. Bd7 Re7 24. Bb5 Re3 25. a4 Bh5 26. Rc1 f6 27.
Rg1 g5 28. Rf2 Bg6 29. Ne6 Rf7 30. Nd8 Ne4 31. Rff1 Re7 32. Nc6 Rg7 33. Nd4 Rd3
34. Ne6 Re7 35. a5 Rd2 36. axb6 axb6 37. Nd8 Be8 38. Bc6 g4 39. d6 Rxd6 40.
Bd5+ Kf8 41. Bxe4 Rxe4 42. Nb7 Rc6 43. Rd1 Ke7 44. Rgf1 Bf7 45. Rf2 Rexc4 46.
Re2+ Re6 47. Red2 Rc7 48. Nd8 Re5 49. Nxf7 Kxf7 50. Rf2 Ke6 51. Rf4 h5 52. Rb1
b5 53. g3 Rc4 54. Rf2 b4 55. Kg2 f5 56. Ra1 Kf6 57. Ra6+ Kg5 58. Ra8 Rc1 59.
Rg8+ Kf6 60. Rf8+ Ke7 61. R8xf5 Rxf5 62. Rxf5 b3 63. Rxh5 b2 64. Re5+ Kd6 65.
Rb5 b1=Q 66. Rxb1 Rxb1 67. Kf2 Rb2+ 68. Ke1 Rxh2 69. Kf1 Ke5 70. Kg1 Rb2 71.
Kf1 0-1

[Event "ICS Rated bullet match"]
[Site "207.99.83.227"]
[Date "1999.05.04"]
[Round "?"]
[White "JSBach"]
[Black "Hossa"]
[Result "0-1"]
[WhiteElo "1991"]
[BlackElo "2457"]
[PlyCount "74"]

1. e4 e5 2. Nf3 Nf6 3. Nxe5 d6 4. Nf3 Nxe4 5. d3 Nf6 6. Nc3 Be7 7. Be2 O-O 8.
O-O Re8 9. Re1 Nbd7 10. Bf4 Nc5 11. b4 Ne6 12. Be3 d5 13. Ne5 d4 14. Nxf7 Kxf7
15. Bd2 dxc3 16. Bxc3 Nd5 17. Qd2 Bg5 18. f4 Nexf4 19. Rf1 Kg8 20. Bd1 Ne2+ 21.
Qxe2 Rxe2 22. Bxe2 Nxc3 23. Rae1 Bd2 24. a3 Qd4+ 25. Kh1 Bxe1 26. Bf3 Qh4 27.
h3 Bxh3 28. gxh3 Qxh3+ 29. Kg1 Bg3 30. Rf2 Bxf2+ 31. Kxf2 Re8 32. b5 Rf8 33.
Ke1 Qxf3 34. Kd2 Nxb5 35. c4 Qf2+ 36. Kd1 Re8 37. cxb5 37... Re1# {
JSBach checkmated} 0-1

[Event "ICS Rated blitz match"]
[Site "207.99.83.227"]
[Date "1999.05.04"]
[Round "?"]
[White "MoonShot"]
[Black "Hossa"]
[Result "1-0"]
[WhiteElo "2707"]
[BlackElo "2452"]
[PlyCount "97"]

1. e4 e5 2. Bc4 Nf6 3. d3 d5 4. exd5 Nxd5 5. Nf3 f6 6. O-O Nb6 7. Bb3 Nc6 8.
Be3 Bg4 9. h3 Bd7 10. Nc3 Bb4 11. Nh4 g6 12. Nd5 Nxd5 13. Bxd5 Qe7 14. Rc1
O-O-O 15. c3 Bc5 16. d4 Bd6 17. Re1 e4 18. Bh6 f5 19. Nf3 Qe8 20. Bb3 Bf8 21.
Bf4 Kb8 22. Ne5 Bd6 23. Nxd7+ Qxd7 24. Bg5 Be7 25. Be3 Bh4 26. d5 Qg7 27. Bc4
Qf8 28. g3 Na5 29. Qa4 Nxc4 30. Qxa7+ Kc8 31. Qa8+ Kd7 32. Qa4+ Kc8 33. Qxc4
Bf6 34. Qa4 Rxd5 35. Rcd1 Rd3 36. Qa8+ Kd7 37. Rxd3+ exd3 38. Qxb7 Qa8 39. Qb5+
Kc8 40. Qc4 Re8 41. Rd1 Qb7 42. a4 Be5 43. Qxd3 Qc6 44. a5 Re6 45. Qd8+ Kb7 46.
Ra1 Rd6 47. Qg8 Ka6 48. Qxh7 Qb7 49. Qg8 {Hossa resigns} 1-0

[Event "ICS Rated blitz match"]
[Site "207.99.83.227"]
[Date "1999.05.04"]
[Round "?"]
[White "Hossa"]
[Black "MoonShot"]
[Result "1/2-1/2"]
[WhiteElo "2446"]
[BlackElo "2713"]
[PlyCount "135"]

1. e4 d5 2. exd5 Qxd5 3. Nc3 Qd6 4. Nf3 Bg4 5. Bc4 Nf6 6. O-O Nc6 7. Nb5 Qd8 8.
Re1 e6 9. h3 Bh5 10. d3 a6 11. Nc3 Na5 12. Bb3 Bd6 13. Ba4+ b5 14. Bb3 O-O 15.
Qe2 Qd7 16. Bg5 Nxb3 17. axb3 Nd5 18. Nxd5 exd5 19. Ne5 Rfe8 20. Qxh5 Bxe5 21.
c3 Qf5 22. Qg4 Qxg4 23. hxg4 d4 24. Bd2 Kf8 25. f4 Bf6 26. g5 dxc3 27. bxc3
Rxe1+ 28. Bxe1 Be7 29. b4 c5 30. d4 cxb4 31. cxb4 f6 32. gxf6 Bxf6 33. Rd1 Re8
34. Bf2 Be7 35. Rb1 Rc8 36. Kh2 Rc4 37. Ra1 Rxb4 38. Rxa6 Bf6 39. Rd6 Ke7 40.
Rd5 Ke6 41. Rh5 Bxd4 42. Bxd4 Rxd4 43. Rxh7 Kf6 44. Rh5 b4 45. Kg3 Rd3+ 46. Kg4
Rd2 47. g3 b3 48. Rb5 b2 49. Rb6+ Ke7 50. Kf3 Kd7 51. Ke3 Rg2 52. Kd4 Ke7 53.
Kc3 Rxg3+ 54. Kxb2 Rg4 55. Kc3 Rxf4 56. Kd3 g5 57. Ke3 Kf7 58. Rb2 Kf6 59. Rf2
Rxf2 60. Kxf2 g4 61. Kg2 Kg5 62. Kh2 Kf4 63. Kg2 g3 64. Kg1 Kg4 65. Kg2 Kh4 66.
Kg1 g2 67. Kh2 g1=Q+ 68. Kxg1 {
Game drawn because neither player has mating material} 1/2-1/2

[Event "ICS rated blitz match"]
[Site "207.99.83.227"]
[Date "1999.05.04"]
[Round "?"]
[White "KillerGrob"]
[Black "Hossa"]
[Result "1-0"]
[WhiteElo "2817"]
[BlackElo "2456"]
[Annotator "Crafty v16.6"]
[PlyCount "90"]

{annotating for player ossa using a scoring margin of +0.20 pawns. search time
limit is 20.00} 1. d4 1... d5 2. c4 Nc6 3. Nf3 Bg4 4. cxd5 Qxd5 5. Nc3 Qa5 6.
e3 e5 7. Bb5 e4 8. Qc2 exf3 9. Bxc6+ bxc6 10. Qe4+ Ne7 11. Qxg4 fxg2 12. Qxg2
Qa6 ({9:-0.75} 12... Qa6 13. Qe4 Qa5 14. Bd2 Rb8 15. Nd1 Qd5 16. f3 16... Qc4
$16) ({9:-0.50} 12... Qf5 13. e4 Qf6 14. Be3 Ng6 15. Qg3 Bb4 16. Qxc7 16... O-O
$14) 13. Qe4 Rd8 ({9:-0.90} 13... Rd8 14. Qe5 Rd7 15. f4 Qd3 16. Bd2 Qf5 17.
Qxf5 Nxf5 18. Ne4 $16) ({9:-0.65} 13... Qa5 14. Qf4 Ng6 15. Qf3 Qa6 16. Qe4+
Be7 17. b3 Qb7 18. O-O $14) 14. Bd2 Qb6 15. b3 c5 16. Na4 f5 17. Qf3 Qg6 ({
10:-1.68} 17... Qg6 18. Nxc5 Qc6 19. Qxc6+ Nxc6 20. Rc1 Rc8 21. Nd3 Nd8 22. O-O
Bd6 23. f4 $18) ({10:-1.27} 17... Qc6 18. Qxc6+ Nxc6 19. Rc1 Rd5 20. Rg1 Kf7
21. Ke2 Be7 22. Nxc5 Rhd8 23. Rgd1 $16) 18. Nxc5 Nd5 19. Nd3 Be7 20. Ne5 Qe6
21. Rc1 Ba3 ({9:-1.56} 21... Ba3 22. Rc6 Bd6 23. Qh5+ g6 24. Qh6 Ne7 25. Qg7
Qg8 26. Qxg8+ Rxg8 27. Rc4 Bxe5 28. dxe5 $18) ({9:-1.20} 21... O-O 22. Nc6 Rd7
23. O-O Rd6 24. Nb4 c6 25. Nxd5 Rxd5 26. Qh5 $16) 22. Rc6 Rd6 23. Rc4 Ra6 ({
9:-2.11} 23... Ra6 24. e4 fxe4 25. Qh5+ Kf8 26. Rg1 Nf6 27. Qh4 Kg8 28. Rxc7
$18) ({9:-1.79} 23... Rd8 24. Ra4 Bd6 25. Nc4 O-O 26. Rxa7 Ra8 27. Rxa8 Rxa8
28. a4 $18) 24. b4 O-O 25. b5 Rd6 26. Ra4 Bb2 27. Rxa7 f4 28. O-O Qh6 29. a3
fxe3 30. fxe3 Rdd8 31. Qe2 Qg5+ 32. Kh1 Rxf1+ 33. Qxf1 Qh5 34. Qf3 Qxf3+ 35.
Nxf3 Re8 36. e4 Nb6 37. Rxc7 Bxa3 38. Ba5 Na4 39. b6 Bf8 40. b7 Rb8 41. Ne5 Nb2
42. Bb4 h5 43. Bxf8 Nd1 44. Ng6 Kh7 45. Rxg7+ Kh6 1-0

[Event "ICS rated blitz match"]
[Site "207.99.83.227"]
[Date "1999.05.04"]
[Round "?"]
[White "brutus"]
[Black "Hossa"]
[Result "0-1"]
[WhiteElo "2147"]
[BlackElo "2452"]
[PlyCount "26"]

1. e4 e5 2. Nf3 Nf6 3. Nc3 Bb4 4. Bc4 d6 5. O-O Be6 6. Bb3 Bxc3 7. dxc3 Nxe4 8.
Re1 Nf6 9. Bg5 O-O 10. Qd3 Nbd7 11. Rad1 e4 12. Rxe4 Bf5 13. Rde1 13... Bxe4 {
brutus resigns} 0-1

[Event "ICS rated blitz match"]
[Site "207.99.83.227"]
[Date "1999.05.04"]
[Round "?"]
[White "Hossa"]
[Black "brutus"]
[Result "1/2-1/2"]
[WhiteElo "2457"]
[BlackElo "2142"]
[PlyCount "117"]

1. e4 e6 2. Nf3 d5 3. exd5 exd5 4. d4 Bg4 5. Bb5+ c6 6. Be2 Bd6 7. O-O Nf6 8.
Ng5 Bf5 9. Re1 O-O 10. Nd2 Nbd7 11. c4 Qc7 12. Nf1 Rfe8 13. Ng3 Bg6 14. b3 Bf4
15. a3 Re7 16. Nf3 Rae8 17. Bxf4 Qxf4 18. Qc1 Qxc1 19. Raxc1 Be4 20. Bd1 Bxf3
21. Rxe7 Rxe7 22. Bxf3 Nb6 23. Nf5 Re6 24. h4 g6 25. Ne3 Kg7 26. Rd1 Ne4 27.
Bxe4 Rxe4 28. c5 Nd7 29. g3 Nf6 30. a4 h5 31. b4 Ng4 32. Nxg4 hxg4 33. Kf1 Kf6
34. a5 Kf5 35. Rd3 a6 36. Rd2 Kf6 37. Rd1 Kf5 38. Rd3 Kf6 39. f3 gxf3 40. Rxf3+
Ke6 41. Rd3 f5 42. Kf2 Kf6 43. Rd2 Ke6 44. Kf3 Kf6 45. Rd1 Ke6 46. Rd3 Kf6 47.
Rd2 Ke6 48. Rd1 Kf6 49. Rd3 Ke6 50. Kf2 Kf6 51. Rd2 Ke6 52. Kf3 Kf6 53. Rd1 Ke6
54. Rd3 Kf6 55. Rd2 Ke6 56. Rd1 Kf6 57. Rd3 Ke6 58. Kf2 Kf6 59. Rd2 {
Game drawn by repetition} 1/2-1/2

[Event "ICS rated blitz match"]
[Site "207.99.83.227"]
[Date "1999.05.04"]
[Round "?"]
[White "brutus"]
[Black "Hossa"]
[Result "0-1"]
[WhiteElo "2154"]
[BlackElo "2445"]
[PlyCount "65"]

1. e4 e5 2. Nf3 Nf6 3. Nc3 Bb4 4. Bc4 d6 5. d3 Be6 6. Bb3 O-O 7. Bg5 Nbd7 8.
O-O Qe8 9. Ne2 d5 10. c3 Bd6 11. Ng3 c6 12. Qe2 Rc8 13. Nh4 Bg4 14. f3 Bc5+ 15.
Kh1 Be6 16. Nhf5 Rd8 17. Rad1 a5 18. a3 dxe4 19. Bxe6 fxe6 20. Ne3 exd3 21.
Rxd3 Qg6 22. Ne4 Bxe3 23. Qxe3 Nd5 24. Qd2 Qxe4 25. Bxd8 Nc5 26. Rxd5 exd5 27.
Be7 Qc4 28. Qf2 Nd3 29. Qe2 Re8 30. Bd6 Nxb2 31. Qxc4 Nxc4 32. Bc7 Rc8 33. Bb6
{brutus resigns} 0-1

[Event "ICS rated blitz match"]
[Site "207.99.83.227"]
[Date "1999.05.04"]
[Round "?"]
[White "Hossa"]
[Black "PostModernist"]
[Result "0-1"]
[WhiteElo "2450"]
[BlackElo "2549"]
[Annotator "Crafty v16.6"]
[PlyCount "47"]

{annotating for player ossa using a scoring margin of +0.20 pawns. search time
limit is 20.00} 1. e4 1... e5 2. f4 Nc6 3. Ne2 Bc5 4. fxe5 d6 5. a3 ({8:-0.75} 
5. a3 5... Qh4+ 6. Ng3 Bg4 7. Be2 Nxe5 8. b4 Bxe2 9. Qxe2 9... Bd4 $17) ({
8:-0.41} 5. Nbc3 5... dxe5 6. Nd5 Bg4 7. d3 Nb4 8. Be3 Qh4+ 9. g3 $15) 5...
Qh4+ 6. Ng3 Nh6 7. Bb5 ({9:-1.96} 7. Bb5 7... Bg4 8. Be2 Bxe2 9. Qxe2 Ng4 10.
Qf1 Nxh2 11. Qd3 11... dxe5 $19) ({9:-0.87} 7. c3 7... dxe5 8. b4 Bb6 9. Qh5
Qxh5 10. Nxh5 O-O 11. Bb5 11... Bd7 $17) 7... O-O 8. exd6 ({9:-3.17} 8. exd6
8... Bxd6 9. Qh5 Bxg3+ 10. hxg3 Qxg3+ 11. Kf1 Nd4 12. Bd3 Nb3 13. cxb3 Qxd3+
14. Ke1 Qxe4+ 15. Kd1 $19) ({9:-0.83} 8. Qh5 8... Qxh5 9. Nxh5 Nd4 10. Ba4 dxe5
11. c3 Ne6 12. b4 12... Bb6 $17) 8... Bxd6 9. Qh5 Bxg3+ 10. hxg3 Qxe4+ 11. Qe2
Qxc2 12. Nc3 Nd4 13. Qe5 Nxb5 14. Nxb5 ({9:-3.62} 14. Nxb5 14... Ng4 15. Qe2
Qc6 16. Kd1 Bd7 17. Rh4 Rfe8 18. Nd4 $19) ({9:-2.94} 14. Qxb5 14... Bf5 15.
Rxh6 gxh6 16. Qxb7 Rfe8+ 17. Kf2 Rec8 18. Qc6 18... h5 $19) 14... Ng4 15. Qe2
Bd7 16. Nd4 Qa4 17. Ne6 ({10:-7.88} 17. Ne6 17... Rae8 18. O-O Rxe6 19. Qd3 Bb5
20. b3 Qa5 21. Qd4 Bxf1 22. Qxg4 $19) ({10:-5.36} 17. Qd3 17... Rae8+ 18. Ne2
Rxe2+ 19. Qxe2 Re8 20. Qxe8+ Bxe8 21. O-O Qe4 22. Kh1 Bb5 23. Rg1 Nf2+ 24. Kh2
24... Bd3 $19) 17... Rfe8 18. O-O Rxe6 19. Qd3 Bb5 20. b3 Bxd3 21. bxa4 Bxf1
22. Kxf1 Rae8 23. Bb2 Re2 24. Bc3 ({10:-14.66} 24. Bc3 24... Rf2+ 25. Kg1 Ree2
26. Kh1 Rxg2 27. Bd4 Rxg3 28. Bf2 Nxf2+ 29. Kh2 Ne4+ 30. Kh1 Nxd2 31. Rc1 Rh3+
32. Kg1 32... c6 $19) ({10:-9.50} 24. Bd4 24... Rxd2 25. Bg1 Ree2 26. Rb1 b6
27. Rb4 Ne5 28. Rd4 28... Nd3 $19) 0-1

[Event "ICS rated blitz match"]
[Site "207.99.83.227"]
[Date "1999.05.04"]
[Round "?"]
[White "ribadeepmind"]
[Black "Hossa"]
[Result "0-1"]
[WhiteElo "2129"]
[BlackElo "2432"]
[PlyCount "22"]

1. c4 e5 2. Nc3 Nc6 3. d3 Nf6 4. Bg5 Bb4 5. e4 O-O 6. Nge2 d6 7. g3 Bg4 8. Bg2
Nd4 9. f3 Bxf3 10. O-O Bh5 11. Qd2 11... Nxe2+ {ribadeepmind resigns} 0-1

[Event "ICS rated blitz match"]
[Site "207.99.83.227"]
[Date "1999.05.04"]
[Round "?"]
[White "Hossa"]
[Black "Etan"]
[Result "1-0"]
[WhiteElo "2458"]
[BlackElo "2244"]
[PlyCount "49"]

1. e4 e5 2. f4 d6 3. Nf3 Nc6 4. fxe5 dxe5 5. Bb5 Bd6 6. Bxc6+ bxc6 7. O-O Nf6
8. d3 Nd7 9. Bg5 f6 10. Bh4 O-O 11. Nbd2 Nc5 12. Nc4 Ne6 13. c3 Ba6 14. Nfxe5
Bxe5 15. Nxe5 Qd6 16. Nc4 Bxc4 17. dxc4 Qc5+ 18. Kh1 Qxc4 19. Qg4 Nc5 20. Bxf6
Qf7 21. Kg1 Rae8 22. Bd4 Rxe4 23. Rxf7 Rxg4 24. Rxf8+ Kxf8 25. Bxc5+ {
Etan resigns} 1-0

[Event "ICS Rated blitz match"]
[Site "207.99.83.227"]
[Date "1999.05.05"]
[Round "?"]
[White "BugChess"]
[Black "Hossa"]
[Result "0-1"]
[WhiteElo "2390"]
[BlackElo "2465"]
[PlyCount "110"]

1. e4 e5 2. Nf3 Nf6 3. Nxe5 d6 4. Nf3 Nxe4 5. d4 d5 6. Bd3 Bb4+ 7. c3 Bd6 8.
Qa4+ Nd7 9. Nbd2 Nxd2 10. Bxd2 Qe7+ 11. Kf1 O-O 12. Re1 Qd8 13. Bg5 Nf6 14. Qb3
h6 15. Bxf6 Qxf6 16. Qxd5 Be6 17. Qxb7 Bxa2 18. Qe4 g6 19. h4 Be6 20. Qc6 Rab8
21. h5 Rb6 22. Qa4 Rxb2 23. hxg6 Bf4 24. gxf7+ Qxf7 25. Qxa7 Bc4 26. Bxc4 Qxc4+
27. Kg1 Qxc3 28. Rh5 Bg3 29. Qa6 Bxf2+ 30. Kh1 c6 31. Re4 Qc1+ 32. Kh2 Rb1 33.
Rg4+ Kh8 34. Qf1 Be3 35. Qxc1 Rxc1 36. Rgh4 Kh7 37. Ng5+ Bxg5 38. Rxg5 Rff1 39.
Rgh5 Rh1+ 40. Kg3 Rxh4 41. Rxh4 c5 42. d5 Rd1 43. Rh5 Rd3+ 44. Kf4 c4 45. Ke4
Rd2 46. Rh3 Rxg2 47. Rxh6+ Kxh6 48. d6 Rd2 49. Ke5 c3 50. Ke6 c2 51. Kd7 c1=Q
52. Ke7 Qc5 53. Kf8 Rxd6 54. Kf7 Qc7+ 55. Ke8 55... Rd8# {BugChess checkmated}
0-1

[Event "ICS rated blitz match"]
[Site "207.99.83.227"]
[Date "1999.05.05"]
[Round "?"]
[White "BugChess"]
[Black "Hossa"]
[Result "0-1"]
[WhiteElo "2366"]
[BlackElo "2490"]
[PlyCount "108"]

1. e4 e5 2. Nf3 Nf6 3. Nxe5 d6 4. Nf3 Nxe4 5. d4 d5 6. Bd3 Bb4+ 7. c3 Bd6 8.
Qb3 Nf6 9. Qd1 Qe7+ 10. Qe2 Qxe2+ 11. Bxe2 O-O 12. Bg5 Ne4 13. O-O Nxg5 14.
Nxg5 Bf4 15. Nf3 Bg4 16. h3 Bh5 17. Re1 Nd7 18. Nbd2 Rae8 19. Bd3 Nf6 20. g4
Bg6 21. Bxg6 fxg6 22. Kg2 Ne4 23. Nxe4 dxe4 24. Ng1 a5 25. d5 a4 26. f3 e3 27.
Kh1 Bg3 28. Re2 Re5 29. Rd1 g5 30. Rd4 Bf2 31. h4 Bxg1 32. Kxg1 a3 33. bxa3
gxh4 34. f4 Re7 35. Kh2 h6 36. Rb4 b6 37. Kh3 g5 38. f5 Rf6 39. Rb1 Re5 40. c4
h5 41. Rf1 Kg7 42. gxh5 Kh6 43. d6 cxd6 44. Rb1 Rexf5 45. Rxe3 Kxh5 46. Reb3
Rf2 47. Rg1 R6f3+ 48. Rxf3 g4+ 49. Rxg4 Rxf3+ 50. Kg2 Kxg4 51. a4 h3+ 52. Kh1
Kg3 53. Kg1 h2+ 54. Kh1 54... Rf1# {BugChess checkmated} 0-1

[Event "ICS rated blitz match"]
[Site "207.99.83.227"]
[Date "1999.05.05"]
[Round "?"]
[White "fidelito"]
[Black "Hossa"]
[Result "0-1"]
[WhiteElo "2189"]
[BlackElo "2501"]
[PlyCount "58"]

1. e4 e5 2. Nf3 Nf6 3. d4 exd4 4. e5 Ne4 5. Qxd4 f5 6. exf6 Nxf6 7. Bg5 Be7 8.
Nc3 Nc6 9. Qc4 d5 10. Qb3 Na5 11. Qa4+ c6 12. O-O-O b5 13. Nxb5 cxb5 14. Bxb5+
Kf8 15. Rhe1 Rg8 16. Ne5 Qb6 17. Bd2 Rb8 18. Bxa5 Qxb5 19. Qxb5 Rxb5 20. Nc6
Bc5 21. Bc3 Bd7 22. Nd4 Rb7 23. Ne6+ Bxe6 24. Rxe6 Kf7 25. Ra6 Bxf2 26. Bxf6
gxf6 27. Rxd5 Rxg2 28. Rh5 Be3+ 29. Kd1 29... Rxb2 {fidelito resigns} 0-1

[Event "ICS Rated blitz match"]
[Site "207.99.83.227"]
[Date "1999.05.05"]
[Round "?"]
[White "Hossa"]
[Black "JudgeTurpin"]
[Result "1/2-1/2"]
[WhiteElo "2506"]
[BlackElo "2635"]
[PlyCount "325"]

1. e4 e5 2. f4 exf4 3. Nf3 d6 4. d4 g5 5. h3 Bg7 6. Be2 f5 7. Nc3 Nc6 8. Bb5 h6
9. exf5 a6 10. Ba4 b5 11. Bb3 Bxf5 12. O-O Nge7 13. Re1 Qd7 14. d5 Ne5 15. a4
Nxf3+ 16. Qxf3 O-O 17. axb5 Bd4+ 18. Kh1 Bxc3 19. bxc3 axb5 20. Rxa8 Rxa8 21.
Qh5 Kg7 22. Bb2 Ng6 23. c4+ Kh7 24. cxb5 Re8 25. Rxe8 Qxe8 26. Qf3 Qe1+ 27. Kh2
Ne5 28. Qc3 Qxc3 29. Bxc3 Nd7 30. Ba5 Nb6 31. c4 Na8 32. Kg1 Be4 33. Kf1 Kg6
34. Bd1 Nb6 35. Be2 Kf5 36. Kf2 Kf6 37. Bc3+ Kg6 38. Bd2 Bb1 39. Ke1 Bc2 40.
Bc3 Bb3 41. Bd3+ Kf7 42. Ba5 Ke7 43. Bxb6 cxb6 44. Kd2 Kf6 45. Be2 Kf5 46. Kc3
Ba4 47. Bh5 Kf6 48. Bg4 Kf7 49. Bf3 Kg6 50. Be4+ Kg7 51. Bf3 Kf6 52. Bh5 Kf5
53. Bg4+ Kg6 54. Bd7 Bd1 55. Kd2 Bb3 56. Kc3 Ba2 57. Kd4 Bb1 58. Be8+ Kf5 59.
Bh5 Kf6 60. Bf3 Bg6 61. Bd1 Bf5 62. Bf3 Ke7 63. Be4 Bd7 64. Bf3 Be8 65. Bg4 Kf6
66. Bf3 Bf7 67. Bg4 h5 68. Bf3 Be8 69. Ke4 h4 70. Kd4 Bd7 71. Ke4 Bc8 72. Kd4
Bf5 73. Be4 Bd7 74. Bf3 Bc8 75. Ke4 Bf5+ 76. Kd4 Bg6 77. Bd1 Kf7 78. Bf3 Kg7
79. Be4 Be8 80. Bf5 Bh5 81. Bd3 Kf6 82. Ke4 Bd1 83. Bf1 Ba4 84. Be2 Bc2+ 85.
Bd3 Bxd3+ 86. Kxd3 g4 87. Ke2 g3 88. Kf3 Ke5 89. Kg4 Kd4 90. Kxh4 Ke3 91. c5
bxc5 92. b6 f3 93. b7 fxg2 94. b8=Q g1=Q 95. Qxd6 Kd4 96. Qxg3 Qxg3+ 97. Kxg3
Kxd5 98. h4 c4 99. h5 c3 100. h6 c2 101. h7 c1=Q 102. h8=Q Qe3+ 103. Kh2 Qf2+
104. Kh3 Qf3+ 105. Kh2 Qe2+ 106. Kh3 Qd3+ 107. Kh4 Qe4+ 108. Kg5 Qg2+ 109. Kh6
Qh2+ 110. Kg7 Qg3+ 111. Kh7 Qd3+ 112. Kg8 Qe4 113. Qh7 Qe8+ 114. Kg7 Qe5+ 115.
Kh6 Qf4+ 116. Kg7 Kd4 117. Qh6 Qc7+ 118. Kh8 Qb8+ 119. Kg7 Qb7+ 120. Kh8 Qc8+
121. Kg7 Qd7+ 122. Kh8 Kc5 123. Qh5+ Kb6 124. Qh4 Qc8+ 125. Kg7 Qb7+ 126. Kh6
Qc6+ 127. Kh7 Qc7+ 128. Kh8 Qe5+ 129. Kg8 Kb5 130. Qh3 Qe8+ 131. Kh7 Qf7+ 132.
Kh8 Kc4 133. Qh2 Qf8+ 134. Kh7 Qf5+ 135. Kh8 Qf6+ 136. Kg8 Qg6+ 137. Kh8 Qe8+
138. Kg7 Qe7+ 139. Kh6 Qe3+ 140. Kh7 Qe4+ 141. Kh8 Qd4+ 142. Kg8 Qd5+ 143. Kh8
Qa8+ 144. Kg7 Qb7+ 145. Kh6 Qb6+ 146. Kh7 Qa7+ 147. Kh8 Qe7 148. Qh1 Qf6+ 149.
Kg8 Qg6+ 150. Kh8 Qe8+ 151. Kg7 Qe5+ 152. Kh7 Qc7+ 153. Kh8 Qd8+ 154. Kg7 Qd4+
155. Kh7 Qd3+ 156. Kh8 Qc3+ 157. Kg8 Qg3+ 158. Kh8 Qb8+ 159. Kg7 Qa7+ 160. Kh6
Qe3+ 161. Kh7 Qe6 162. Qg1 Qh3+ 163. Kg8 {Game drawn by the 50 move rule}
1/2-1/2

[Event "ICS rated blitz match"]
[Site "207.99.83.227"]
[Date "1999.05.05"]
[Round "?"]
[White "Hossa"]
[Black "JudgeTurpin"]
[Result "1/2-1/2"]
[WhiteElo "2512"]
[BlackElo "2629"]
[PlyCount "261"]

1. e4 e5 2. f4 exf4 3. Nf3 d6 4. d4 g5 5. h3 h6 6. Be2 Nf6 7. Nc3 Nh5 8. O-O
Ng3 9. Rf2 c6 10. Bd3 Bg7 11. Ne2 Qe7 12. Nxg3 fxg3 13. Rf1 g4 14. hxg4 Bxg4
15. c3 h5 16. d5 Bh6 17. dxc6 Nxc6 18. Bxh6 Rxh6 19. Qd2 Rf6 20. Be2 O-O-O 21.
Nd4 Rxf1+ 22. Kxf1 Qxe4 23. Bd3 Qe5 24. Nxc6 bxc6 25. Kg1 Qc5+ 26. Kh1 d5 27.
Qf4 Qf2 28. Ba6+ Kd7 29. Qxf2 gxf2 30. Rf1 Rb8 31. Rxf2 Ke6 32. b4 d4 33. a3
dxc3 34. Rc2 Bf5 35. Bc4+ Kf6 36. Rxc3 Be4 37. Rc1 Bd5 38. Kh2 Re8 39. Rf1+ Kg6
40. Bd3+ Kg5 41. Rf5+ Kg4 42. Rf2 Re3 43. Rd2 Kf4 44. a4 Kg4 45. Bc2 f5 46. b5
h4 47. Rf2 f4 48. Bd1+ Kf5 49. Rd2 Ke5 50. bxc6 Bxc6 51. a5 f3 52. gxf3 Bxf3
53. a6 Bd5 54. Re2 Rxe2+ 55. Bxe2 Be6 56. Kg2 Kd4 57. Kf3 Bd7 58. Kf4 Bc8 59.
Bf3 Bxa6 60. Kg4 Bb5 61. Kxh4 a5 62. Bd1 Bd7 63. Kg5 Ke5 64. Bb3 Bf5 65. Ba4
Bh3 66. Kh4 Be6 67. Kg3 Ke4 68. Kf2 Bc4 69. Ke1 Ke3 70. Kd1 Bd3 71. Bb5 Bf5 72.
Bd7 Be4 73. Bc6 Bg6 74. Be8 Bb1 75. Bg6 Ba2 76. Bf7 Ke4 77. Bxa2 Kd4 78. Ke1
Ke5 79. Kf1 a4 80. Kg1 a3 81. Kh1 Ke4 82. Kh2 Kd4 83. Kh3 Ke5 84. Kh4 Ke4 85.
Kh5 Kd4 86. Kh6 Ke5 87. Kh7 Ke4 88. Kh8 Kd4 89. Kg8 Ke3 90. Kh8 Kf4 91. Kg7 Kf5
92. Kh7 Ke5 93. Kg7 Kf4 94. Kh7 Kf5 95. Bb1+ Ke6 96. Kh8 Ke5 97. Kg8 Kd5 98.
Kh8 Kd4 99. Kg8 Ke5 100. Kh7 Kd6 101. Kg8 Kc5 102. Kf8 Kd5 103. Kg8 Kd6 104.
Kf8 Ke6 105. Kg8 Kf6 106. Kh8 Kg5 107. Kg8 Kf4 108. Kh8 Kf3 109. Kg8 Ke3 110.
Kh8 Kd2 111. Kg8 Kc3 112. Ba2 Kd3 113. Kf8 Ke3 114. Ke8 Ke4 115. Kf8 Kd3 116.
Ke8 Ke3 117. Kf7 Kf3 118. Kg7 Kg4 119. Kh7 Kg5 120. Kh8 Kg6 121. Kg8 Kf6 122.
Kh7 Ke7 123. Kh8 Kd6 124. Kg8 Kc5 125. Kh8 Kc6 126. Kg8 Kb5 127. Kh8 Kc5 128.
Bb3 Kd4 129. Kg8 Ke4 130. Kh8 Ke5 131. Kg8 {Game drawn by the 50 move rule}
1/2-1/2

[Event "ICS rated blitz match"]
[Site "207.99.83.227"]
[Date "1999.05.05"]
[Round "?"]
[White "Hossa"]
[Black "JudgeTurpin"]
[Result "0-1"]
[WhiteElo "2517"]
[BlackElo "2624"]
[Annotator "Crafty v16.6"]
[PlyCount "107"]

{annotating for player ossa using a scoring margin of +0.20 pawns. search time
limit is 20.00} 1. e4 1... c6 2. d4 d5 3. Nc3 dxe4 4. Nxe4 Nd7 5. Nf3 Ngf6 6.
Bd3 Nxe4 7. Bxe4 Nf6 8. Bd3 Bg4 9. O-O Bxf3 10. Qxf3 Qxd4 11. Rd1 e6 12. Ba6 ({
8:-0.14} 12. Ba6 12... Qb6 13. Bc4 Be7 14. Qf4 O-O 15. Qe5 15... Qc5 $10) ({
8:+0.32} 12. Be2 12... Qc5 13. Qb3 Bd6 14. Be3 Qb4 15. Qxb4 Bxb4 16. Bc4 $14)
12... Qb6 13. Bd3 O-O-O 14. a4 Qc7 15. a5 Bd6 16. g3 Be5 17. c3 ({9:-0.44} 17.
c3 17... a6 18. Be3 Nd5 19. Bc5 Bd6 20. Bb6 Nxb6 21. axb6 21... Qd7 $15) ({
9:-0.23} 17. a6 17... b6 18. Re1 Rd5 19. c4 Rc5 20. Rd1 Rd8 21. Qe3 $10) 17...
Kb8 18. a6 b6 19. Be3 Rd7 20. Rd2 h5 21. Bd4 ({9:-1.74} 21. Bd4 21... Bxd4 22.
cxd4 Rxd4 23. Rc1 Rhd8 24. Rdd1 h4 25. Kh1 25... Nd5 $19) ({9:-0.37} 21. Bg5
21... Nd5 22. Bh4 Bf6 23. c4 Bxh4 24. cxd5 Bg5 25. dxc6 Bxd2 26. cxd7 26...
Qxd7 $15) 21... Bxd4 22. cxd4 Rxd4 23. Rc2 ({9:-2.10} 23. Rc2 23... h4 24. Rc4
Rxc4 25. Bxc4 hxg3 26. hxg3 b5 27. Bf1 Qd6 28. Rd1 $19) ({9:-1.78} 23. Rc1
23... Nd5 24. Qe2 Rd8 25. Rc4 Rxc4 26. Bxc4 h4 27. Qe4 27... h3 $19) 23... h4
24. Rac1 ({9:-2.37} 24. Rac1 24... hxg3 25. hxg3 Qd7 26. Bf1 c5 27. Bg2 Nd5 28.
Rd1 f6 29. Rxd4 29... cxd4 $19) ({9:-2.09} 24. Bb5 24... hxg3 25. hxg3 c5 26.
Rd1 Rxd1+ 27. Qxd1 Nd5 28. Qf3 Rh3 29. Bf1 29... Rh8 $19) 24... c5 25. Bf1 hxg3
26. fxg3 Ne4 27. Bg2 Rhd8 28. Re1 f5 29. Qh5 Qe5 30. Qf7 R4d7 31. Qg6 Qd4+ 32.
Kh1 Nf2+ 33. Rxf2 Qxf2 34. Qxe6 Qxe1+ 35. Qxe1 Rd1 36. Qf1 R8d2 37. b3 Rd3 38.
Kg1 Rxf1+ 39. Bxf1 Rxb3 40. Bc4 Rb1+ 41. Kg2 Rb2+ 42. Kg1 b5 43. Be6 c4 44.
Bxf5 c3 45. h4 b4 46. Kf1 b3 47. Ke1 Rh2 48. Kd1 Rh1+ 49. Ke2 c2 50. Be4 Rh2+
51. Kf3 c1=Q 52. h5 Qd1+ 53. Kf4 Rf2+ 54. Kg5 0-1

[Event "ICS Rated blitz match"]
[Site "207.99.83.227"]
[Date "1999.05.05"]
[Round "?"]
[White "Hossa"]
[Black "Kolmogorov"]
[Result "0-1"]
[WhiteElo "2506"]
[BlackElo "2563"]
[Annotator "Crafty v16.6"]
[PlyCount "39"]

{annotating for player ossa using a scoring margin of +0.20 pawns. search time
limit is 20.00} 1. e4 1... c5 2. d3 g6 3. Nc3 Bg7 4. Be3 d6 5. Qd2 Nc6 6. O-O-O
a6 7. Nge2 b5 8. Rg1 e6 9. Ng3 b4 10. Nce2 e5 11. f4 Qa5 12. Kb1 Be6 13. Nc1
exf4 14. Bxf4 Bc3 15. bxc3 ({9:-5.75} 15. bxc3 15... bxc3 16. Nb3 Bxb3 17. axb3
cxd2 18. Rxd2 Nf6 19. Rd1 Ne5 20. Be2 $19) ({9:+0.54} 15. Qe2 15... Bd4 16. Rh1
Ne5 17. Qe1 Qa4 18. Nge2 Nf6 19. Nxd4 19... cxd4 $14) 15... bxc3 16. Nb3 Bxb3
17. cxb3 cxd2 18. Bxd6 Qc3 19. Bf4 Nd4 20. Rxd2 0-1